Agencias reguladoras.
Na minha lista:
| Autor principal: | |
|---|---|
| Formato: | Livro |
| Publicado em: |
Santiago, Chile:
Thomson Reuters,
2019.
|
| Edição: | 1ª edición |
| Colecção: | Monografías
|
| Assuntos: | |
| Tags: |
Adicionar Tag
Sem tags, seja o primeiro a adicionar uma tag!
|
MARC
| LEADER | 00000cam a2200000 a 4500 | ||
|---|---|---|---|
| 001 | UCC7694 | ||
| 003 | CL-VaPUC | ||
| 005 | 20241107121744.0 | ||
| 008 | 241107t2019 ||||| |||| 00| 0 eng d | ||
| 999 | |c 374270 |d 374268 | ||
| 020 | |a 978-956-400-029-9 | ||
| 040 | |c Pontificia Universidad Católica de Valparaíso | ||
| 082 | 0 | 4 | |a 343.8307 MAR 2019 |2 21 |
| 100 | |a Marmolejo González, Críspulo Mario |e autor |9 602388 | ||
| 245 | 1 | 0 | |a Agencias reguladoras. |
| 250 | |a 1ª edición | ||
| 260 | |a Santiago, Chile: |b Thomson Reuters, |c 2019. | ||
| 300 | |a 220 páginas. | ||
| 490 | 0 | |a Monografías | |
| 500 | |a c.2-3 Donación Crispulo Marmolejo González. Memo DER 25-10-2024 | ||
| 583 | |a last modification |c 20190427 02:22:00 |k Rodrigo Vera | ||
| 650 | 0 | |a Regulación económica |9 400177 | |
| 650 | 0 | |a Derecho económico |9 259197 | |
| 650 | 0 | |a Protección del consumidor |9 474424 | |
| 650 | 0 | |a Mercados |9 338624 | |
| 942 | |c BK |2 ddc | ||
| 945 | |d 20190427 02:22:00 |a dcastane | ||
| 952 | |0 0 |1 0 |3 erb |4 0 |6 343_830700000000000_MAR_2019 |7 0 |8 A |9 492761 |a BIBDER |b BIBDER |i 5545056 |l 8 |m 1 |o 343.8307 MAR 2019 |p 5545056 |r 2024-12-12 |s 2024-11-19 |w 2019-11-24 |y BK |z Catalogado en:20190427 |k DER | ||
| 952 | |0 0 |1 0 |2 ddc |4 0 |6 343_830700000000000_MAR_2019 |7 0 |8 A |9 597838 |a BIBDER |b BIBDER |d 2024-11-07 |e Donación |i 5663139 |o 343.8307 MAR 2019 |p 5663139 |r 2024-11-07 |t 2 |w 2024-11-07 |y BK |k DER | ||
| 952 | |0 0 |1 0 |2 ddc |4 0 |6 343_830700000000000_MAR_2019 |7 0 |8 A |9 597839 |a BIBDER |b BIBDER |d 2024-11-07 |e Donación |i 5663140 |o 343.8307 MAR 2019 |p 5663140 |r 2024-11-07 |t 3 |w 2024-11-07 |y BK |k DER | ||